Non-Riemannian geometry
Αποθηκεύτηκε σε:
| Κύριος συγγραφέας: | |
|---|---|
| Μορφή: | Βιβλίο |
| Γλώσσα: | English |
| Δημοσίευση: |
Providence, Rhode island :
American Mathematical Society,
c1927
|
| Σειρά: | Colloquium publications (American Mathematical Society)
; 8 |
| Θέματα: | |
| Ετικέτες: |
Προσθήκη ετικέτας
Δεν υπάρχουν, Καταχωρήστε ετικέτα πρώτοι!
|
MARC
| LEADER | 00000nam a2200000 i 4500 | ||
|---|---|---|---|
| 001 | 1/44537 | ||
| 008 | 941103s1927 eng d | ||
| 020 | |a 0-8218-1008-1 | ||
| 035 | |a 1994 |l 10042305 | ||
| 040 | |a GR-MY-UA |b gre |e aacr | ||
| 041 | 0 | |a eng | |
| 082 | 0 | |a 516.36 | |
| 100 | 1 | |a Eisenhart, Luther Pfahler |d b. 1876. | |
| 245 | 1 | 0 | |a Non-Riemannian geometry / |c Luther Pfahler Eisenhart |
| 260 | |a Providence, Rhode island : |b American Mathematical Society, |c c1927 | ||
| 300 | |a viii, 184 p.; |c 23 cm. | ||
| 490 | 1 | |a Colloquium publications (American Mathematical Society) |v ; 8 | |
| 500 | |a Includes bibliography | ||
| 650 | 0 | 0 | |a Geometry, Differential. |
| 830 | 0 | |a Colloquium publications (American Mathematical Society) |v ; 8 | |
| 852 | |a INST |b SAMOS |e 19941103 |h 516.36 EIS |p 005300011376 |q 005300011376 |t BK |y 0 | ||
| 909 | |a Σ |b 034591 | ||